[Event "Titled Tuesday intern op 09th Jan Late"]
[Site "Chess.com INT"]
[Date "2024.01.09"]
[Round "2"]
[White "Bellissimo, Joseph F"]
[Black "Aung, Thant Zin"]
[Result "1-0"]
[WhiteElo "2203"]
[BlackElo "2268"]
[PlyCount "71"]
[EventDate "2024.01.09"]
[EventType "swiss (blitz)"]
[EventRounds "11"]
[EventCountry "USA"]
[SourceTitle "EXT 2025"]
[Source "ChessBase"]
[SourceDate "2024.10.14"]
[SourceVersion "1"]
[SourceVersionDate "2024.10.14"]
[SourceQuality "1"]

1. e4 c5 2. Nf3 Nc6 3. c3 Nf6 4. e5 Nd5 5. d4 cxd4 6. cxd4 d6 7. Bc4 e6 8. 0-0 Be7 9. Qe2 0-0 10. Rd1 b6 11. Nc3 Nxc3 12. bxc3 dxe5 13. dxe5 Qc7 14. Bd3 Bb7 15. Bg5 Rfd8 16. Bxe7 Qxe7 17. h4 h6 18. Qe4 g6 19. h5 Na5 20. Qg4 Bxf3 21. Qxf3 Kg7 22. hxg6 fxg6 23. Qg4 Qf7 24. g3 Rac8 25. Kg2 Nc6 26. f4 Ne7 27. Be4 Nf5 28. Qe2 Rxd1 29. Rxd1 Rxc3 30. Rd8 Rxg3+ 31. Kf2 Re3 32. Qc2 Rh3 33. Kg1 Nh4 34. Qc8 Rg3+ 35. Kh2 g5 36. Rd7 1-0

[Event "Titled Tuesday intern op 09th Jan Late"]
[Site "Chess.com INT"]
[Date "2024.01.09"]
[Round "7"]
[White "Bellissimo, Joseph F"]
[Black "Khatoev, Eduard"]
[Result "0-1"]
[WhiteElo "2203"]
[BlackElo "2409"]
[PlyCount "100"]
[EventDate "2024.01.09"]
[EventType "swiss (blitz)"]
[EventRounds "11"]
[EventCountry "USA"]
[SourceTitle "EXT 2025"]
[Source "ChessBase"]
[SourceDate "2024.10.14"]
[SourceVersion "1"]
[SourceVersionDate "2024.10.14"]
[SourceQuality "1"]

1. e4 c6 2. d4 d5 3. e5 c5 4. dxc5 e6 5. a3 Nc6 6. Nf3 Bxc5 7. b4 Bb6 8. Bb2 Nh6 9. Bd3 Ng4 10. 0-0 Qc7 11. Qe2 Bd7 12. h3 Nh6 13. Nc3 a6 14. Na4 Nd4 15. Nxd4 Bxa4 16. c4 dxc4 17. Bxc4 Bxd4 18. Bxd4 Nf5 19. Bc5 b6 20. Qe4 Bc6 21. Bd6 Bxe4 22. Bxc7 Rc8 23. Rac1 Rxc7 24. Bb5+ Kd8 25. Rfd1+ Bd5 26. Bxa6 Rxc1 27. Rxc1 Ne7 28. Bb5 Ng6 29. Ba6 Re8 30. Rc8+ Ke7 31. Rc7+ Kf8 32. Bb5 Ra8 33. a4 Nxe5 34. f4 Ng6 35. g3 Ne7 36. Kf2 Rc8 37. Ra7 Rc2+ 38. Kf1 Nf5 39. g4 Ne3+ 40. Ke1 Rg2 41. Rc7 Bf3 42. Rc8+ Ke7 43. Re8+ Kf6 44. Bd3 g5 45. h4 gxh4 46. g5+ Kg7 47. a5 h3 48. axb6 h2 49. b7 h1Q+ 50. Bf1 Qxf1# 0-1